Khushwant Singh Kay Bemisaal Afsanay (Record no. 329755)
[ view plain ]
| 000 -LEADER | |
|---|---|
| fixed length control field | 00357 a2200133 4500 |
| 001 - CONTROL NUMBER | |
| control field | 89949 |
| 003 - CONTROL NUMBER IDENTIFIER | |
| control field | NUST |
| 005 - DATE AND TIME OF LATEST TRANSACTION | |
| control field | 20170621133014.0 |
| 008 - FIXED-LENGTH DATA ELEMENTS--GENERAL INFORMATION | |
| fixed length control field | 170519b xxu||||| |||| 00| 0 eng d |
| 040 ## - CATALOGING SOURCE | |
| Transcribing agency | NUST |
| 082 ## - DEWEY DECIMAL CLASSIFICATION NUMBER | |
| Classification number | 891.4393 |
| Author Mark | SIN |
| 100 ## - MAIN ENTRY--PERSONAL NAME | |
| Personal name | Khushwant Singh |
| 9 (RLIN) | 1205 |
| 245 ## - TITLE STATEMENT | |
| Title | Khushwant Singh Kay Bemisaal Afsanay |
| Statement of responsibility, etc. | Khushwant Singh |
| Medium | Urdu |
| 260 ## - PUBLICATION, DISTRIBUTION, ETC. | |
| Place of publication, distribution, etc. | Lahore |
| Name of publisher, distributor, etc. | Alhamd Publications |
| Date of publication, distribution, etc. | 2008 |
| 300 ## - PHYSICAL DESCRIPTION | |
| Extent | 303p. |
| 500 ## - GENERAL NOTE | |
| General note | General Books |
| 546 ## - LANGUAGE NOTE | |
| Language note | In urdu |
| 650 ## - SUBJECT ADDED ENTRY--TOPICAL TERM | |
| Topical term or geographic name entry element | Urdu Literature |
| 9 (RLIN) | 347 |
| 880 ## - ALTERNATE GRAPHIC REPRESENTATION | |
| Title | خشونت سنگھ کے بے مثال افسانے |
| Linkage | 245-02\(3\r |
| c | خشونت سنگھ، ترتیب و انتخاب: طاہر منصور فاروقی |
| 880 ## - ALTERNATE GRAPHIC REPRESENTATION | |
| Title | خشونت سنگھ |
| Linkage | 100-01\(3\r |
| 880 ## - ALTERNATE GRAPHIC REPRESENTATION | |
| Title | لاہور: |
| Linkage | 260-03\(3\r |
| b | الحمد پبلی کیشنز، |
| c | 2008 |
| 942 ## - ADDED ENTRY ELEMENTS (KOHA) | |
| Koha item type | Book |
| Source of classification or shelving scheme | |
| Withdrawn status | Lost status | Source of classification or shelving scheme | Damaged status | Not for loan | Permanent Location | Current Location | Shelving location | Date acquired | Total Checkouts | Full call number | Barcode | Date last seen | Date last checked out | Copy number | Price effective from | Koha item type |
|---|---|---|---|---|---|---|---|---|---|---|---|---|---|---|---|---|
| Central Library (CL) | Central Library (CL) | Fiction | 05/19/2017 | 1 | 891.4393 SIN | CL1816 | 05/28/2024 | 04/24/2024 | 1 | 05/19/2017 | Book |
